000 00734nam a22002537a 4500
001 000512
003 DO-SdBNP
005 20160928115438.0
007 000512
008 160916b 1985 a ||||| |||| 00| 0 spa d
020 _a9688801097
040 _aBPMSU
_bspa
_cBPMSU
082 _a515
_bH638m, 1987
100 1 _aHighland, Esther H.
245 1 0 _aBusiness mathematics /
_cEsther H. Highland, Roberta S. Rosenbaum.
250 _a3a ed.
260 _aMexico :
_bPrentice Hall,
_c1985.
300 _axii, 622 p.
_c23 cm.
650 5 _aMATEMÁTICAS FINANCIERAS
700 1 2 _aRosenbaum, Roberta S.
_4
910 _aValidado. Control de calidad MFF
942 _2ddc
_cBK
956 _2LOPEREZ
_310
_620160916
_8BPMSU
_a00041
999 _c11439
_d11439